Normal view MARC view
  • Syed Hamid Albar,

Entry Personal Name

Number of records used in: 1

001 - CONTROL NUMBER

  • control field: 3076

003 - CONTROL NUMBER IDENTIFIER

  • control field: OSt

005 - DATE AND TIME OF LATEST TRANSACTION

  • control field: 20170511085431.0

008 - FIXED-LENGTH DATA ELEMENTS

  • fixed length control field: 170511|| aca||aabn | a|a d

040 ## - CATALOGING SOURCE

  • Original cataloging agency: OSt
  • Transcribing agency: OSt

100 ## - HEADING--PERSONAL NAME

  • Personal name: Syed Hamid Albar,
  • Titles and other words associated with a name: Dato' Seri,
  • Dates associated with a name: 1944-

670 ## - SOURCE DATA FOUND

  • Source citation: Work cat.: (OSt)0: Syed Hamid Albar, Dato' Seri, 1944-, Selected foreign policy speeches /, 2005
Pusat Sumber Maklumat Dato' Haji Sarmin Md Hussin, Akademi Kastam Diraja Malaysia, Melaka
Tel: 06-2331106 | Faks: 06-2313787